000 00609nam a2200241Ia 4500
003 OSt
005 20220925232829.0
006 a|||||r|||| 00| 0
007 ta
008 220923b |||||||| |||| 00| 0 eng d
020 _a9211100566
037 _cGeneral Book
040 _aRTL
_cRTL
_beng
041 _2eng
_aeng
245 0 _aUnited Nations and Somalia, 1992-1996
260 _aNew York
_bUN
_c1996
300 _a516p
_ccm.
490 _aUnited Nations, Blue Book Series; V 8
650 _a United Nations
650 _aHistory
942 _cGB
_2CC
999 _c592270
_d592270